00778nam a2200217 4500003001100000005001700011008004100028020001500069040003900084041000800123082001500131100003000146245009300176260005500269300006000324650005000384650004900434650003300483650002100516700002300537LK-CoMWRAF20231120093145.0230819b2006 |||||||| |||| 00| 0 eng d a9221191621 aLK-CoMWRAFdLK-CoMWRAFeLK-CoMWRAF aeng a331.4bWIC aWickramasinghe, Maithree. aBeyond Glass Ceilings and Brick Walls: Gender at the Workplace:bGender at the Workplace aColombo:bInternational Labour Organization,c2006 axix, 106 p. ; 23 cmbBibliography and Glossary included aSex discrimination in employment--Sri Lanka.  aSex role in the work environment--Sri Lanka. aGender identity in workplace aWomen-Employment aJayatilaka, Wijaya